Three Vowels - One Consonant Quiz Stats

Quiz Updated Aug 22, 2012

Challenge
Share
Tweet
Embed
Score 0/20 Timer 04:00
0 Plays Today
Definition 4-Letter Word % Correct
US state with capital city ColumbusOhio
94.7%
The largest and most populated continentAsia
93.4%
4th largest Great LakeErie
88.8%
Black and white sandwich cookieOreo
88.2%
Currency of France and SpainEuro
87.2%
Flat-pack Swedish furniture storeIKEA
85.5%
Woodwind double-reeded instrumentOboe
82.6%
30th most populated US stateIowa
81.8%
A section or regionArea
79.6%
The manifestation of a thought in the mindIdea
72.8%
Definition 4-Letter Word % Correct
An elaborate song for a solo voiceAria
65.5%
A radiant glow around the heads of saintsAura
61.2%
An assistant often in teachingAide
59.4%
The Irish name for IrelandEire
59.2%
Freedom to do something without difficultyEase
58%
A fencing blade heavier than a foilEpée
53.9%
Villain in Shakespeare's OthelloIago
49.3%
A tiny and scarcely detectable amountIota
46.5%
An extremely long period of timeAeon
32.3%
Any one of 887 Easter Island statuesMoai
9.5%

You're not logged in!

Compare scores with friends on all Sporcle quizzes.
Join for Free
OR
Log In

You Might Also Like...

Show Comments

Extras

Top Quizzes Today


Score Distribution

Your Account Isn't Verified!

In order to create a playlist on Sporcle, you need to verify the email address you used during registration. Go to your Sporcle Settings to finish the process.

Report this User

Report this user for behavior that violates our Community Guidelines.

Details: